00648nam a2200241Ia 4500003000400000005001700004008004100021020001800062040001800080041000800098082002100106100001800127245004100145250000600186260005100192300002900243650002600272650002200298650002100320700002600341700002100367700001800388OSt20230830102558.0210716s2014 xx 000 0 und d a9788122434385 cAIMIT LIBRARY aeng a005.44 21bKOTD aKothari, D P. aLinux /cBy D P Kothari...[et.al.]. a1 aNew DelhibNew Age International Pvt Ltdc2014 axiii,132 p.;bPBc25 cm. aFiles and permissionc ashell programming aEditors in linux aVasudevan, Shriram K. aR M D, Sundaram. aSubashri, V..